MDQL
is popping MORE tags! Check the
thread
!
Quizzes
Events
Quiz Creation
Community
Videos
Private Events
Remove Ads
Sign In
Join for FREE
Feedback
Dark Mode
Quiz Categories
Sports
Geography
Music
Movies
Television
Just For Fun
Miscellaneous
History
Literature
Language
Science
Gaming
Entertainment
Religion
Holiday
For Kids
Quiz Lab
Recent
Popular Today
Quiz Kudos Today
Editor Picks
Curator Picks
Quizzes by...
Day
Popularity
Type
Ratings
Length
Year
Community
Subscriptions
Recent Discussions
Orange Saloon
Badges
Playlists
Quests
Create
Leaderboards
Showdown
Live 5
Trivia Bingo
Activity
Puzzle Library
Sporcle Events
Private Events
Virtual Trivia
Globe League
Become a Host
Pub Owners
SporcleCon
Opinionation
Our Games
Videos
Blog
Mobile Apps
Partnerships
Remove Ads and Go Orange
Feedback
Miscellaneous
Crossword
General Knowledge
Baby Names
Logo
Food
Cars
Numbers
Grab Bag
University
College
Popular
Company
Slogans
Restaurants
Justice
Letter
Miscellaneous
Crossword
General Knowledge
Baby Names
Logo
Food
Cars
Numbers
Grab Bag
University
College
Popular
Company
Slogans
Restaurants
Justice
Letter
Random Quiz
Search Sporcle
×
Quiz Lab
Quiz Lab
Miscellaneous
start
Type in answers that appear in a list
Type in answers that appear in a list
Classic
Best Score? Go Orange.
Starts with N Stats
Can you name the the things that start with N?
By
Littlechocoholic
3m
20 Questions
131 Plays
131 Plays
131 Plays
Comments
Comments
Give Quiz Kudos
Give Quiz Kudos
-
- Ratings
hide this ad
Random Order
Randomize order of answers
Randomize order of answers
Replay
Link that replays current quiz
Next Quiz
Link to next quiz in quiz playlist
You Got
0%
They Got
Avg Score
53%
Avg Friend Score
Upgrade to see
Score Distribution
Jump to the score distribution portion of the page
Score
0/20
Timer
03:00
0
Plays Today
Hints
Answers
% Correct
The opposite of positive
Negative
93.1%
Peter Pan and the lost boys live here
Neverland
89.3%
The longest river in the world
Nile
87.8%
Active at night
Nocturnal
78.6%
A character who recounts the events of a novel or poem
Narrator
77.1%
The chief active constituent of tobacco
Nicotine
74%
Extreme self-
centeredness, excessive interest in one's self
Narcissism
60.3%
The birth of Jesus Christ
Nativity
60.3%
An extinct species of human that was widely distributed in ice-
age Europe
Neanderthal
58%
The unicorns of the sea! A whale with a forward-
pointing spiral tusk
Narwhal
56.5%
Hints
Answers
% Correct
A drug or other substance affecting mood or behavior and sold for nonmedical purposes
Narcotic
54.2%
The process of providing or obtaining food necessary for healthy growth
Nutrition
53.4%
This country's flag is not a rectangle
Nepal
50.4%
A cloud of gas and dust in outer space
Nebula
47.3%
A mythological spirit of nature
Nymph
38.2%
Voldemort's snake and last horcrux
Nagini
35.1%
The supposed practice of communicating with the dead
Necromancy
22.1%
A cephalopod mollusk with a chambered shell
Nautilus
19.8%
The technical name for sodium
Natrium
8.4%
A Hebrew leader who supervised the rebuilding of the walls of Jerusalem
Nehemiah
6.1%
Quiz Playlist
Details
Report
Send in Message
Add To Playlist
Classic:
Type in answers that appear in a list
Random Order:
Randomize order of answers
Last Updated: Feb 16, 2017
Quiz Scoreboard
CHALLENGE
Sign Up to Join the Scoreboard
Show All
Scores
Hide
Comments
May contain spoilers
Recently Published
Street Fighter Characters
by Artimus82
Gaming
60s
9x9 Crossword: Cartoon Network
by jackfrog10
Miscellaneous
3m
College Basketball Coaching Resumes
by pancakes188
Sports
9m
More to Explore
Quiz From the Vault
Featured Blog Post
Where Did the Easter Bunny Come From?
hide this ad
You Might Also Like...
Tags
start
Today's Top Quizzes in Miscellaneous
Browse Miscellaneous
hide this ad
Today's Top Quizzes in start
Browse start
Top Contributed Quizzes in Miscellaneous
1
5-to-1: Fast Food
2
The JOE quick-fire general knowledge quiz: Day 174
3
The JOE quick-fire general knowledge quiz: Day 173
4
5-to-1: Cocktails
5
The JOE quick-fire general knowledge quiz: Day 172
6
9x9 Crossword: Disney Movie Titles
7
Sunday Crossword: Famous Bodies of Water
8
9x9 Crossword: Charlie and the Chocolate Factory
9
The JOE quick-fire general knowledge quiz: Day 171
10
One Thing in Common: United Kingdom II
Explore More
Trending Topics
Disney
NBA
Harry Potter
Kpop
Anime
Marvel
Crossword
WWE
The Office
NFL
Country
Song
Puzzle
Pokémon
Soccer
hide this ad
More By:
Littlechocoholic
Quiz
Plays
Rating
Category
Featured
Created
Hiragana Speed Reading
252,192
4.07
Language
Nov 29, 2012
Beginner Japanese Kanji
20,705
3.50
Language
Jul 1, 2012
Hiragana Reading (Blends, Dakuten and small tsu)
14,044
4.47
Language
Jan 3, 2013
Beginner Japanese
11,080
3.13
Language
Oct 27, 2011
Hiragana quiz
5,874
4.50
Language
Oct 25, 2011
Go to Creator's Profile
Score Distribution
Quiz Creator Spotlight
Littlechocoholic
Follow
Send a Message
Quizzes Created
-
Created Quiz Play Count
-
More By This Creator
Popular Quizzes Today
1
Find the US States - No Outlines Minefield
2
Find the Countries of Europe - No Outlines Minefield
3
The Countries of the World
4
Find the US States
5
Risky Map Clicking: Biggest States A-Z
6
US States
7
Popular People in 1961
8
Movies - When Are They Set?
More Miscellaneous Quizzes
Sunday Crossword: Sinful Septet
Editor's Pick
Trending Quizzes
Risky Map Clicking: Least Populous States A-Z
Countries of the World: 200 Million BC
1-10 Letter G Words
Risky Map Clicking: Next State Alphabetically
Adjectives in 80s TV Shows
Recently Updated
Leaping Animals
pecheneg
Reality TV Shows (A-Z)
bhenderson79
Rickey Henderson's Hall of Fame Teammates
pecheneg
Champions League XIs: Arsenal
pecheneg
Quick Pick: Celebrities in WWE's Hall of Fame
aduchscher
A-Z Keypad Blitz II
pecheneg
Multiple Oscar Actors
pecheneg
Mystery Phrase Blitz: Oscar 'Best Actors'
pecheneg
F. Scott Fitzgerald Novels
LTH
Pick 3 Villains
ddd62291
Trending Topics
Marvel
Harry Potter
Crossword
Disney
NBA
Kpop
Anime
NFL
Country
Puzzle
Soccer
Pokémon
Song
WWE
The Office
Your Account Isn't Verified!
In order to create a playlist on Sporcle, you need to verify the email address you used during registration. Go to your
Sporcle Settings
to finish the process.
Report this User
Report this user for behavior that violates our
Community Guidelines
.
Details:
Send Report
Go to the Sporcle.com Mobile Site →
Comments